[Event "BL 8889 München 36-Sindelfingen"]
[Site "?"]
[Date "1988.??.??"]
[Round "?.6"]
[White "Bartelborth, T."]
[Black "Sieglen, J."]
[Result "1/2-1/2"]
[WhiteElo "2210"]
[BlackElo "2330"]
[PlyCount "85"]
[EventDate "1988.??.??"]

1. c4 g6 2. g3 Bg7 3. Bg2 Nf6 4. Nf3 O-O 5. Nc3 d6 6. O-O Nc6 7. d3 e5 8. Rb1
h6 9. b4 Be6 10. b5 Ne7 11. c5 dxc5 12. Nxe5 Nfd5 13. Nxd5 Bxd5 14. Nc4 Bxg2
15. Kxg2 a6 16. bxa6 Rxa6 17. Qb3 b6 18. Bb2 Nf5 19. Bxg7 Kxg7 20. Ra1 Nd4 21.
Qb2 Qd5+ 22. f3 f6 23. e3 Nc6 24. Rfd1 Rfa8 25. a3 R6a7 26. Qb5 Rd8 27. Rac1
Ne5 28. e4 Qd7 29. Qxd7+ Rxd7 30. Nxe5 fxe5 31. Rc3 g5 32. f4 gxf4 33. gxf4
exf4 34. Kf3 Ra8 35. Rg1+ Kf6 36. Kxf4 Rad8 37. Rg3 Rf8 38. Rc1 Ke6+ 39. Ke3
Rf6 40. a4 Rd8 41. a5 Kd6 42. axb6 cxb6 43. d4 1/2-1/2

[Event "BL 8889 Bayern-Kirchheim"]
[Site "?"]
[Date "1988.??.??"]
[Round "?.2"]
[White "Ribli, Z."]
[Black "Gschnitzer, O."]
[Result "1-0"]
[WhiteElo "2630"]
[BlackElo "2365"]
[PlyCount "63"]
[EventDate "1988.??.??"]

1. Nf3 c5 2. c4 Nf6 3. Nc3 e6 4. g3 b6 5. Bg2 Bb7 6. O-O d6 7. Re1 a6 8. e4 Qc7
9. d4 cxd4 10. Nxd4 Nbd7 11. b3 b5 12. Nd5 exd5 13. exd5+ Kd8 14. Nc6+ Bxc6 15.
dxc6 Nc5 16. Be3 Kc8 17. b4 Na4 18. cxb5 axb5 19. Qd3 Rb8 20. Qf5+ Kd8 21. Bd4
Be7 22. Re2 Nb6 23. Rae1 Nc8 24. h4 h5 25. Qg5 Ne8 26. Qf5 Nf6 27. Qg5 Ne8 28.
Qd5 Bf6 29. Qxh5 Rf8 30. Bxf6+ Nxf6 31. Qg5 Rg8 32. h5 1-0

[Event "BL 8889 Bayern-Kirchheim"]
[Site "?"]
[Date "1988.??.??"]
[Round "?.3"]
[White "Mueller, O."]
[Black "Kindermann, S."]
[Result "1/2-1/2"]
[WhiteElo "2355"]
[BlackElo "2525"]
[PlyCount "93"]
[EventDate "1988.??.??"]

1. e4 e6 2. d4 d5 3. Nd2 Nf6 4. e5 Nfd7 5. Bd3 c5 6. c3 Nc6 7. Ne2 Qb6 8. Nf3
cxd4 9. cxd4 f6 10. exf6 Nxf6 11. O-O Bd6 12. Nc3 O-O 13. Be3 Bd7 14. Re1 Kh8
15. Rc1 Rae8 16. Ne5 Qd8 17. f4 Re7 18. Bb1 Be8 19. g4 Bb4 20. Bf2 Rc7 21. Qd3
Bxc3 22. bxc3 Nxe5 23. Rxe5 Bg6 24. Qf3 Bxb1 25. Rxb1 Ne4 26. Rc1 Qc8 27. Be1
Kg8 28. Rc2 Rc4 29. Re2 Nxc3 30. Bxc3 Rxc3 31. Qf2 Rd3 32. Rxe6 Qc1+ 33. Kg2
Qxf4 34. Qxf4 Rxf4 35. Re8+ Kf7 36. R8e7+ Kg6 37. h3 Re4 38. R2xe4 dxe4 39.
Rxb7 Rd2+ 40. Kg3 Rxa2 41. Kf4 e3 42. Kxe3 Ra3+ 43. Kf4 Rxh3 44. Rxa7 Rd3 45.
Ke4 Rg3 46. Kf4 Rd3 47. Ke4 1/2-1/2

[Event "BL 8889 Bayern-Kirchheim"]
[Site "?"]
[Date "1988.??.??"]
[Round "?.5"]
[White "Vonthron, H."]
[Black "Bischoff, K."]
[Result "0-1"]
[WhiteElo "2330"]
[BlackElo "2510"]
[PlyCount "150"]
[EventDate "1988.??.??"]

1. e4 e6 2. d4 c5 3. d5 exd5 4. exd5 d6 5. Nf3 Nf6 6. Nc3 Be7 7. Be2 O-O 8. O-O
Na6 9. h3 Nc7 10. a4 b6 11. Bf4 a6 12. Nh2 Re8 13. Ng4 Nxg4 14. Bxg4 Bf6 15.
Bxc8 Rxc8 16. Qf3 Qd7 17. Rad1 Be5 18. Rfe1 Bxc3 19. Qxc3 Rxe1+ 20. Qxe1 Re8
21. Qc3 Re4 22. Qg3 Ne8 23. b3 Qe7 24. Rd3 b5 25. axb5 axb5 26. Re3 Rxe3 27.
fxe3 b4 28. Qg4 f6 29. Kh2 g6 30. Qc8 Kf7 31. Qc6 h5 32. Kh1 h4 33. Qa6 g5 34.
Bh2 Kg6 35. Qd3+ f5 36. c3 bxc3 37. Qxc3 Nf6 38. Qc4 Ne4 39. Kg1 Qa7 40. Qc1
Qa2 41. Bxd6 Nxd6 42. Qxc5 Qa1+ 43. Kh2 Qe5+ 44. Kg1 g4 45. hxg4 fxg4 46. Qc2+
Kg5 47. Qc1 Ne4 48. Qf1 Qxd5 49. b4 Qe5 50. b5 Ng3 51. Qd3 Qa1+ 52. Kf2 Qb2+
53. Kg1 Qc1+ 54. Kf2 Nh1+ 55. Ke2 Qb2+ 56. Ke1 Qc1+ 57. Ke2 Qb2+ 58. Ke1 Qf2+
59. Kd1 Qg1+ 60. Kc2 Qxg2+ 61. Kb3 g3 62. Qd8+ Kg4 63. b6 Qe4 64. Qd7+ Kf3 65.
b7 Qb1+ 66. Ka3 Nf2 67. Qf7+ Ke2 68. Qh5+ Kd2 69. Qa5+ Ke2 70. Qh5+ Kf1 71.
Qxh4 Qa1+ 72. Kb3 Qd1+ 73. Kc3 Qc1+ 74. Kd4 Qb2+ 75. Kc5 Qxb7 0-1

[Event "BL 8889 Bayern-Kirchheim"]
[Site "?"]
[Date "1988.??.??"]
[Round "?.6"]
[White "Hertneck, G."]
[Black "Engel, B."]
[Result "1-0"]
[WhiteElo "2435"]
[BlackElo "2295"]
[PlyCount "65"]
[EventDate "1988.??.??"]

1. d4 Nf6 2. Nf3 d6 3. Nc3 Bg4 4. e4 e6 5. h3 Bh5 6. g4 Bg6 7. Qe2 c6 8. Bg2
Be7 9. g5 Nfd7 10. Be3 Qa5 11. Nd2 d5 12. h4 dxe4 13. Ncxe4 O-O 14. c3 Qc7 15.
h5 Bxe4 16. Bxe4 f5 17. gxf6 Nxf6 18. Bc2 Nbd7 19. O-O-O Rf7 20. Rdg1 Nf8 21.
Bg6 hxg6 22. hxg6 Nxg6 23. Rxg6 Qa5 24. Qf1 Qxa2 25. Qh3 Rff8 26. Nf3 Kf7 27.
Rxg7+ Kxg7 28. Ne5 Qa1+ 29. Kc2 Qxh1 30. Qxh1 Rh8 31. Qg2+ Kf8 32. Qg6 Rh7 33.
Bh6+ 1-0

[Event "BL 8889 Bayern-Kirchheim"]
[Site "?"]
[Date "1988.??.??"]
[Round "?.7"]
[White "Messmer, M."]
[Black "Stangl, M."]
[Result "1/2-1/2"]
[WhiteElo "2260"]
[BlackElo "2360"]
[PlyCount "124"]
[EventDate "1988.??.??"]

1. d4 g6 2. Nf3 Bg7 3. e4 d6 4. Be2 Nf6 5. Nc3 O-O 6. O-O Nc6 7. h3 e5 8. dxe5
dxe5 9. Bg5 Be6 10. Qxd8 Raxd8 11. Rfd1 h6 12. Be3 a6 13. a3 Rfe8 14. Kf1 Nh5
15. Rxd8 Rxd8 16. Rd1 Rxd1+ 17. Bxd1 Nf6 18. Nd2 Ne8 19. Ne2 Nd6 20. c3 Na5 21.
f3 Bf8 22. Ke1 Kg7 23. b4 Nac4 24. Nxc4 Bxc4 25. a4 Be7 26. Nc1 Bh4+ 27. Bf2
Bg5 28. Nb3 f5 29. exf5 gxf5 30. Nd2 Bd5 31. Bc2 h5 32. Bd3 Kf7 33. Be2 Bc6 34.
Bd1 Kg6 35. Bc2 Kf6 36. Bg1 h4 37. Bf2 Ke6 38. Bb3+ Ke7 39. Bc2 Kf6 40. Bc5 Bf4
41. Bf2 Kg5 42. Ke2 e4 43. fxe4 fxe4 44. Nf1 Nf5 45. Ne3 Ng3+ 46. Ke1 Be5 47.
Kd2 Nh5 48. b5 axb5 49. axb5 Bxb5 50. Bxe4 b6 51. Bf3 Ng3 52. Nd5 Nf1+ 53. Kc2
Bc6 54. c4 Be8 55. Kd3 Bg6+ 56. Be4 Bh5 57. Bd4 Bxd4 58. Kxd4 c5+ 59. Kd3 Ng3
60. Nxb6 Kf4 61. Nd5+ Ke5 62. Bf3 Bg6+ 1/2-1/2

[Event "BL 8889 Sindelfingen-Bayern"]
[Site "?"]
[Date "1988.??.??"]
[Round "?.2"]
[White "Fahnenschmidt, G."]
[Black "Ribli, Z."]
[Result "0-1"]
[WhiteElo "2380"]
[BlackElo "2630"]
[PlyCount "70"]
[EventDate "1988.??.??"]

1. d4 Nf6 2. c4 e6 3. Nf3 b6 4. a3 Bb7 5. Nc3 d5 6. cxd5 Nxd5 7. Qc2 Be7 8. e4
Nxc3 9. bxc3 O-O 10. Bd3 c5 11. O-O Qc8 12. Qe2 Ba6 13. Bxa6 Qxa6 14. Qxa6 Nxa6
15. a4 cxd4 16. cxd4 Rfc8 17. Ba3 Bxa3 18. Rxa3 Rc4 19. Rb1 Rac8 20. Kf1 Nb4
21. a5 b5 22. Rab3 Na2 23. a6 b4 24. R3b2 Nc3 25. Re1 f6 26. d5 exd5 27. e5 Kf7
28. exf6 gxf6 29. Nd2 Rd4 30. Nb3 Re4 31. Na5 Rxe1+ 32. Kxe1 Re8+ 33. Kd2 Re2+
34. Kc1 Re6 35. Rxb4 Na2+ 0-1

[Event "BL 8889 Sindelfingen-Bayern"]
[Site "?"]
[Date "1988.??.??"]
[Round "?.3"]
[White "Kindermann, S."]
[Black "Franke, H."]
[Result "1-0"]
[WhiteElo "2525"]
[BlackElo "2360"]
[PlyCount "51"]
[EventDate "1988.??.??"]

1. e4 e6 2. d4 d5 3. Nc3 Nf6 4. Bg5 Be7 5. e5 Nfd7 6. Bxe7 Qxe7 7. f4 a6 8. Nf3
c5 9. dxc5 Nc6 10. Qd2 Qxc5 11. O-O-O Nb6 12. Bd3 Bd7 13. Kb1 Na5 14. b3 Rc8
15. Ne2 Nc6 16. c3 Rc7 17. g4 f6 18. exf6 gxf6 19. Ned4 O-O 20. Rhg1 Nxd4 21.
cxd4 Qc3 22. Qe2 Rfc8 23. f5 Qb4 24. g5 Na4 25. gxf6+ Kh8 26. Qe5 1-0

[Event "BL 8889 Sindelfingen-Bayern"]
[Site "?"]
[Date "1988.??.??"]
[Round "?.4"]
[White "Bialas, W."]
[Black "Hickl, J."]
[Result "1-0"]
[WhiteElo "2365"]
[BlackElo "2500"]
[PlyCount "67"]
[EventDate "1988.??.??"]

1. c4 e5 2. Nc3 d6 3. g3 Nf6 4. Bg2 c6 5. d4 Be7 6. e4 O-O 7. Nf3 Nbd7 8. O-O
a6 9. a4 a5 10. h3 Re8 11. Be3 exd4 12. Nxd4 Bf8 13. Qc2 g6 14. Rad1 Qe7 15.
Rfe1 Bg7 16. Nb3 Ne5 17. c5 dxc5 18. Bxc5 Qc7 19. f4 Ned7 20. Bd6 Qb6+ 21. Kh2
Nf8 22. Bc5 Qc7 23. Nd2 Be6 24. e5 Bf5 25. Qc1 Nd5 26. Bf2 Ne6 27. Nde4 Bxe4
28. Nxe4 f5 29. exf6 Nxf6 30. Nd6 Nf8 31. Qc4+ Kh8 32. Nf7+ Kg8 33. Ng5+ Kh8
34. Bb6 1-0

[Event "BL 8889 Sindelfingen-Bayern"]
[Site "?"]
[Date "1988.??.??"]
[Round "?.6"]
[White "Sieglen, J."]
[Black "Hertneck, G."]
[Result "0-1"]
[WhiteElo "2330"]
[BlackElo "2435"]
[PlyCount "94"]
[EventDate "1988.??.??"]

1. d4 Nf6 2. c4 d6 3. Nc3 c6 4. e4 e5 5. Nf3 Qc7 6. Be2 Be7 7. O-O O-O 8. Be3
Re8 9. d5 Nbd7 10. Nd2 a6 11. Rc1 Qb8 12. b4 cxd5 13. cxd5 Bd8 14. a4 Bb6 15.
Bxb6 Nxb6 16. a5 Nbd7 17. Nc4 b5 18. axb6 Nxb6 19. Na5 Bd7 20. Bd3 Rc8 21. Qd2
Ra7 22. Na2 Na8 23. Rxc8+ Qxc8 24. Qe2 Qb8 25. Rc1 Qb6 26. Nc4 Qb8 27. Na5 Qb6
28. Nc6 Rc7 29. Qc2 Kf8 30. h3 Rc8 31. Qa4 Nc7 32. Qa5 Qb7 33. Nd8 Qb8 34. Nc6
Qb7 35. Rc2 Nb5 36. Nc3 Bxc6 37. dxc6 Rxc6 38. Nxb5 axb5 39. Bxb5 Rb6 40. Bd3
g6 41. b5 Kg7 42. f3 d5 43. exd5 Nxd5 44. Rc5 Nf4 45. Be4 Qd7 46. Qa1 f6 47.
Bc6 Qd2 0-1

[Event "BL 8889 Sindelfingen-Bayern"]
[Site "?"]
[Date "1988.??.??"]
[Round "?.8"]
[White "Bauer, P."]
[Black "Calvo Minguez, R."]
[Result "1-0"]
[WhiteElo "2275"]
[BlackElo "2385"]
[PlyCount "86"]
[EventDate "1988.??.??"]

1. e4 e5 2. Nf3 Nc6 3. Bb5 a6 4. Ba4 d6 5. c3 Bd7 6. O-O Nge7 7. d4 Ng6 8. Re1
Be7 9. Be3 O-O 10. dxe5 dxe5 11. Qd2 Qe8 12. Qc1 Rd8 13. Bc2 Bg4 14. Nbd2 Qd7
15. Kh1 Nf4 16. Nxe5 Nxe5 17. Bxf4 Bd6 18. Bxe5 Bxe5 19. Nc4 Bf6 20. Qf4 Be6
21. e5 Be7 22. Ne3 g6 23. h4 Qb5 24. h5 Kg7 25. b3 Qc5 26. Qg3 Kh8 27. c4 Rd4
28. f4 b5 29. cxb5 axb5 30. Rad1 gxh5 31. Rxd4 Qxd4 32. Qf3 f5 33. exf6 Rxf6
34. Qxh5 Rf7 35. Nf5 Qd5 36. Re5 Qc6 37. Nd4 Qd7 38. Nxe6 Bf6 39. Ng5 Bxg5 40.
Qxg5 Rg7 41. Rd5 Rxg5 42. Rxd7 Rh5+ 43. Kg1 c5 1-0

[Event "BL 8889 Kirchheim-MÜnchen 36"]
[Site "?"]
[Date "1988.??.??"]
[Round "?.1"]
[White "Smejkal, J."]
[Black "Adorjan, A."]
[Result "1/2-1/2"]
[WhiteElo "2515"]
[BlackElo "2520"]
[PlyCount "32"]
[EventDate "1988.??.??"]

1. Nf3 c5 2. c4 Nf6 3. Nc3 e6 4. g3 b6 5. Bg2 Bb7 6. O-O d6 7. b3 Be7 8. Bb2
O-O 9. e3 Nbd7 10. Qe2 a6 11. Rfd1 Qc7 12. d3 Rfe8 13. Rd2 Rac8 14. Rad1 Qb8
15. d4 Ne4 16. Nxe4 Bxe4 1/2-1/2

[Event "BL 8889 Kirchheim-MÜnchen 36"]
[Site "?"]
[Date "1988.??.??"]
[Round "?.2"]
[White "Gschnitzer, O."]
[Black "Nikolac, J."]
[Result "1/2-1/2"]
[WhiteElo "2365"]
[BlackElo "2495"]
[PlyCount "115"]
[EventDate "1988.??.??"]

1. d4 Nf6 2. Nf3 e6 3. c4 Bb4+ 4. Nbd2 d5 5. Qa4+ Nc6 6. a3 Be7 7. e3 Ne4 8.
cxd5 exd5 9. Ne5 Bd7 10. Nxd7 Qxd7 11. Bb5 Nd6 12. Bxc6 Qxc6 13. Qxc6+ bxc6 14.
b3 Kd7 15. a4 Rab8 16. Ba3 Rhe8 17. Kd1 f5 18. Nf3 Bf6 19. Kc2 Ne4 20. Rhf1 Rb6
21. Rab1 Ng5 22. Bc5 Rb7 23. Nxg5 Bxg5 24. Rfe1 a6 25. g3 Rbb8 26. Kd3 Re6 27.
Re2 Rbe8 28. Rbe1 Bh6 29. f3 Rf6 30. Ba3 g6 31. Bc5 Rf7 32. Ba3 g5 33. Rf1 Bg7
34. f4 g4 35. h3 gxh3 36. Rh1 Re6 37. Rxh3 h6 38. Rg2 Rg6 39. Rh5 Rff6 40. Bb4
Rf7 41. Ba3 Ke8 42. Rc2 Re6 43. Rg2 Bf8 44. Bxf8 Kxf8 45. g4 fxg4 46. Rxg4 Rg7
47. Rgh4 Rg3 48. Re5 Rf6 49. Kc3 Kf7 50. Kb4 Rg8 51. Rh2 Rb8+ 52. Kc3 Rh8 53.
Kd3 Rg6 54. Rh1 Rb8 55. Kc3 Rh8 56. Rh2 Rg1 57. Kc2 Rg3 58. Rh1 1/2-1/2

[Event "BL 8889 Kirchheim-MÜnchen 36"]
[Site "?"]
[Date "1988.??.??"]
[Round "?.3"]
[White "Bastian, H."]
[Black "Mueller, O."]
[Result "0-1"]
[WhiteElo "2315"]
[BlackElo "2355"]
[PlyCount "52"]
[EventDate "1988.??.??"]

1. e4 c5 2. Nc3 Nc6 3. g3 g6 4. Bg2 Bg7 5. d3 d6 6. f4 e6 7. Nf3 Nge7 8. O-O
O-O 9. Be3 Nd4 10. e5 Qb6 11. Rb1 Nef5 12. Bf2 Nxf3+ 13. Qxf3 dxe5 14. Na4 Qc7
15. fxe5 Bxe5 16. Bxc5 Bd7 17. Bxf8 Rxf8 18. Nc3 Bd4+ 19. Kh1 Ne3 20. Qe4 Qb6
21. Rf4 e5 22. Ne2 Bc6 23. Nxd4 Bxe4 24. Rxe4 exd4 25. Bf3 Rc8 26. Re7 Qf6 0-1

[Event "BL 8889 Kirchheim-MÜnchen 36"]
[Site "?"]
[Date "1988.??.??"]
[Round "?.5"]
[White "Bartelborth, T."]
[Black "Vonthron, H."]
[Result "1/2-1/2"]
[WhiteElo "2210"]
[BlackElo "2330"]
[PlyCount "101"]
[EventDate "1988.??.??"]

1. c4 e5 2. g3 Nf6 3. Bg2 Nc6 4. Nc3 Bb4 5. Nd5 Bc5 6. e3 d6 7. Ne2 Nxd5 8.
cxd5 Ne7 9. O-O O-O 10. d4 exd4 11. Nxd4 Nf5 12. Nb3 Bb6 13. Bd2 Qf6 14. Bc3
Qg6 15. a4 a6 16. Ba5 Bd7 17. Bxb6 cxb6 18. Qd2 Rac8 19. e4 Ne7 20. Qb4 b5 21.
axb5 Bxb5 22. Rfc1 f5 23. e5 f4 24. Qxd6 Qxd6 25. exd6 Rxc1+ 26. Rxc1 Nf5 27.
d7 fxg3 28. hxg3 Bxd7 29. Rc7 Bc8 30. Nc5 Nd6 31. Ne4 Nb5 32. Re7 Rd8 33. Ng5
Nd6 34. Bh3 Bxh3 35. Nxh3 Kf8 36. Rc7 Nb5 37. Rxb7 Rxd5 38. Nf4 Rd6 39. Kg2 Nd4
40. Nd3 h6 41. Ne5 Kg8 42. f4 g5 43. Kh3 gxf4 44. gxf4 Rf6 45. Kg4 Rf5 46. Ng6
Rb5 47. Rd7 h5+ 48. Kh4 Nf3+ 49. Kg3 Rb3 50. Kg2 Ne1+ 51. Kf1 1/2-1/2

[Event "BL 8889 Kirchheim-MÜnchen 36"]
[Site "?"]
[Date "1988.??.??"]
[Round "?.6"]
[White "Mudelsee, M."]
[Black "Goetz, R."]
[Result "1/2-1/2"]
[WhiteElo "2385"]
[BlackElo "2275"]
[PlyCount "107"]
[EventDate "1988.??.??"]

1. e4 c5 2. Nf3 Nc6 3. d4 cxd4 4. Nxd4 Nf6 5. Nc3 e5 6. Ndb5 d6 7. Bg5 a6 8.
Bxf6 gxf6 9. Na3 b5 10. Nd5 f5 11. g3 fxe4 12. Bg2 Be6 13. Bxe4 Rc8 14. c3 Bg7
15. Qh5 Ne7 16. Rd1 Rc5 17. Qg5 Nxd5 18. Qxg7 Qf6 19. Qxf6 Nxf6 20. Bb7 Bd5 21.
Bxd5 Rxd5 22. Ke2 Ke7 23. Nc2 Ke6 24. Ne3 Rxd1 25. Rxd1 h5 26. f3 d5 27. f4 e4
28. Nc2 h4 29. Nd4+ Kd7 30. Rd2 hxg3 31. hxg3 Rh2+ 32. Kd1 Rh1+ 33. Kc2 Ng4 34.
Nf5 Ke6 35. Nd4+ Kf6 36. Kb3 Rg1 37. Kb4 Ne3 38. Re2 Rxg3 39. Ka5 Ng2 40. Kxa6
Nxf4 41. Rh2 e3 42. Kxb5 Ke5 43. a4 Rg8 44. a5 Ne6 45. Nc6+ Kd6 46. Re2 Rc8 47.
Nd4 Rb8+ 48. Ka4 Nxd4 49. cxd4 Re8 50. Kb4 f5 51. Kc3 f4 52. Kd3 Rb8 53. Rc2
Ke6 54. a6 1/2-1/2

[Event "BL 8889 Kirchheim-MÜnchen 36"]
[Site "?"]
[Date "1988.??.??"]
[Round "?.7"]
[White "Koepf, U."]
[Black "Engel, B."]
[Result "1-0"]
[WhiteElo "2245"]
[BlackElo "2295"]
[PlyCount "109"]
[EventDate "1988.??.??"]

1. Nf3 d6 2. d4 Bg4 3. c4 Bxf3 4. gxf3 c6 5. Nc3 g6 6. Bg5 Bg7 7. Qd2 Nf6 8. h4
Nbd7 9. Rd1 Qc7 10. Bh3 Rd8 11. Bh6 O-O 12. h5 Nxh5 13. Bg4 Bxh6 14. Qxh6 Ndf6
15. Bxh5 Nxh5 16. Ne4 Qa5+ 17. Rd2 f6 18. Ng3 Rf7 19. Nxh5 gxh5 20. b3 Rg7 21.
e3 Qg5 22. Qxh5 Qxh5 23. Rxh5 Rg1+ 24. Ke2 Kg7 25. f4 a6 26. Kf3 Rg6 27. Ke4 e6
28. d5 exd5+ 29. cxd5 c5 30. Kf5 Re8 31. e4 b5 32. Rd3 h6 33. Rhh3 Kf7 34. Rh5
a5 35. Rdh3 Rh8 36. R5h4 b4 37. Rh5 Kg7 38. Rg3 Rxg3 39. fxg3 a4 40. bxa4 Ra8
41. Ke6 Ra6 42. Rh1 c4 43. Rb1 Rxa4 44. Kxd6 c3 45. Kc5 Rxa2 46. Rxb4 Ra8 47.
Rb7+ Kf8 48. Rc7 c2 49. Kd4 Ra4+ 50. Ke3 Ra3+ 51. Kf2 Ra2 52. Kf3 h5 53. e5 f5
54. d6 Ke8 55. e6 1-0

[Event "BL 8889 Solingen-Bochum"]
[Site "?"]
[Date "1988.??.??"]
[Round "?.3"]
[White "Beckemeyer, W."]
[Black "Lobron, E."]
[Result "0-1"]
[WhiteElo "2380"]
[BlackElo "2530"]
[PlyCount "70"]
[EventDate "1988.??.??"]

1. e4 e6 2. d4 d5 3. Nc3 Nf6 4. Bg5 dxe4 5. Nxe4 Be7 6. Bxf6 gxf6 7. Qd2 b6 8.
Nf3 Bb7 9. Bb5+ Nd7 10. Qf4 c6 11. Bd3 Nf8 12. O-O-O Ng6 13. Qe3 Qc7 14. g3
O-O-O 15. Rhe1 Kb8 16. Kb1 Rd7 17. Qh6 Bf8 18. Qh5 Bg7 19. Nc3 f5 20. Ne2 c5
21. c3 h6 22. Bb5 Rd6 23. Nd2 a6 24. Ba4 Rc8 25. Bb3 b5 26. Nf3 b4 27. dxc5
Be4+ 28. Bc2 Rxd1+ 29. Rxd1 Bxc2+ 30. Kxc2 Qxc5 31. Nfd4 Ne5 32. f4 Ng4 33. Rd3
Rc7 34. h3 Nf2 35. Re3 Bxd4 0-1

[Event "BL 8889 Solingen-Bochum"]
[Site "?"]
[Date "1988.??.??"]
[Round "?.4"]
[White "Lau, R."]
[Black "Vatter, H."]
[Result "0-1"]
[WhiteElo "2495"]
[BlackElo "2335"]
[PlyCount "86"]
[EventDate "1988.??.??"]

1. e4 c5 2. Nf3 e6 3. d3 d5 4. Nbd2 Nc6 5. g3 Bd6 6. Bg2 Nge7 7. O-O O-O 8. Re1
Bc7 9. c3 a5 10. a4 b6 11. h4 Ba6 12. exd5 Nxd5 13. Nc4 Ra7 14. Na3 Bb8 15. Nb5
Rd7 16. Qb3 Qc8 17. Bd2 h6 18. Rad1 Rfd8 19. Bc1 Bd6 20. Nd2 Nce7 21. Nc4 Bc7
22. d4 Bxb5 23. Qxb5 cxd4 24. Rxd4 Nf5 25. Rd3 Qb8 26. Qb3 Nf6 27. Rxd7 Nxd7
28. Qc2 Nc5 29. Ne3 Nd3 30. Rd1 Nxc1 31. Nxf5 exf5 32. Rxd8+ Qxd8 33. Qxc1 f4
34. Qe1 g6 35. b3 Qd3 36. Kh2 Kg7 37. Kh3 Qd7+ 38. Kh2 Qg4 39. Bh3 fxg3+ 40.
fxg3 Qxh4 41. Qe3 Qf6 42. Bg2 h5 43. Kh1 Qe5 0-1

[Event "BL 8889 Solingen-Bochum"]
[Site "?"]
[Date "1988.??.??"]
[Round "?.5"]
[White "Backwinkel, P."]
[Black "Schulte, O."]
[Result "1-0"]
[WhiteElo "2315"]
[BlackElo "2430"]
[PlyCount "137"]
[EventDate "1988.??.??"]

1. d4 Nf6 2. c3 b6 3. Bg5 Bb7 4. Bxf6 gxf6 5. Nd2 f5 6. f4 Bg7 7. e3 e6 8. Ngf3
d6 9. Bd3 Nd7 10. e4 fxe4 11. Bxe4 Bxe4 12. Nxe4 d5 13. Nf2 O-O 14. O-O c5 15.
Nd3 Qc7 16. Nfe5 c4 17. Nxd7 Qxd7 18. Ne5 Qd6 19. Qh5 f6 20. Ng4 f5 21. Nh6+
Bxh6 22. Qxh6 Qe7 23. Rf3 Rf6 24. Qh4 Qg7 25. Re1 Rg6 26. Qf2 Kf7 27. Rfe3 Rg8
28. R1e2 h5 29. b3 cxb3 30. axb3 Qh6 31. Qf1 Rg4 32. Rf2 Qg7 33. Re5 Rd8 34.
Rfe2 Rd6 35. Qa1 Kf6 36. Qc1 Rg6 37. Qe3 Qd7 38. Qh3 Qh7 39. Qh4+ Kf7 40. Rxf5+
exf5 41. Re7+ Kg8 42. Rxh7 Kxh7 43. Qxh5+ Kg7 44. Qxf5 Rge6 45. h4 b5 46. Qd3
Re4 47. Qxb5 Rxf4 48. Qb8 Rdf6 49. Qxa7+ Kh6 50. Qe7 Kh5 51. Qh7+ Rh6 52. Qg8
Rg6 53. Qxd5+ Kxh4 54. Qe5 Rgf6 55. Qe1+ Kg4 56. d5 Kf5 57. c4 Re4 58. Qd2 Ke5
59. Qg5+ Rf5 60. Qg3+ Ref4 61. Qe3+ Kd6 62. Qe6+ Kc5 63. Qe7+ Kd4 64. d6 Rf1+
65. Kh2 Rf8 66. Qg7+ Kc5 67. Qe5+ Kb4 68. d7 Kxb3 69. d8=Q 1-0

[Event "BL 8889 Solingen-Bochum"]
[Site "?"]
[Date "1988.??.??"]
[Round "?.6"]
[White "Zysk, R."]
[Black "Ueter, H."]
[Result "1-0"]
[WhiteElo "2395"]
[BlackElo "2275"]
[PlyCount "45"]
[EventDate "1988.??.??"]

1. Nf3 g6 2. e4 Bg7 3. d4 c5 4. c3 d6 5. dxc5 dxc5 6. Qxd8+ Kxd8 7. Be3 b6 8.
Na3 Bb7 9. O-O-O+ Kc8 10. Ng5 Nh6 11. Bc4 Nd7 12. Nxf7 Nxf7 13. Bxf7 Bxe4 14.
f3 Bc6 15. Be6 Rf8 16. Rhe1 Kc7 17. Bg5 Nf6 18. Bc4 Rae8 19. Re6 Ng8 20. Bb5
Bxb5 21. Nxb5+ Kb8 22. Rd7 Rd8 23. Bf4+ 1-0

[Event "BL 8889 Solingen-Bochum"]
[Site "?"]
[Date "1988.??.??"]
[Round "?.8"]
[White "Kraut, R."]
[Black "Boesken, C."]
[Result "1-0"]
[WhiteElo "2390"]
[BlackElo "2270"]
[PlyCount "41"]
[EventDate "1988.??.??"]

1. e4 e5 2. Nf3 Nc6 3. Bb5 a6 4. Bxc6 dxc6 5. O-O Qd6 6. d3 f6 7. Be3 Bg4 8.
Nbd2 O-O-O 9. Rb1 Be6 10. a3 Ne7 11. b4 Ng6 12. a4 Qd7 13. d4 exd4 14. Nxd4 Ne5
15. b5 axb5 16. axb5 b6 17. Ra1 Kb7 18. f4 Bc5 19. c3 Bxd4 20. cxd4 Ng4 21.
Ra7+ 1-0

[Event "BL 8889 Bielefeld-Porz"]
[Site "?"]
[Date "1988.??.??"]
[Round "?.3"]
[White "Fedorowicz, J."]
[Black "Baumhus, R."]
[Result "1-0"]
[WhiteElo "2520"]
[BlackElo "2335"]
[PlyCount "41"]
[EventDate "1988.??.??"]

1. d4 d5 2. c4 Nc6 3. Nc3 dxc4 4. Nf3 Nf6 5. e3 e5 6. Bxc4 exd4 7. exd4 Bg4 8.
d5 Qe7+ 9. Be3 Bxf3 10. gxf3 Ne5 11. Be2 a6 12. Rg1 Ng6 13. Qa4+ Nd7 14. d6
Qxd6 15. Rd1 Qe6 16. Bc4 Qe7 17. Nd5 Qd8 18. Bg5 f6 19. Bxf6 b5 20. Bxb5 axb5
21. Qe4+ 1-0

[Event "BL 8889 Bielefeld-Porz"]
[Site "?"]
[Date "1988.??.??"]
[Round "?.4"]
[White "Gruen, G."]
[Black "Schoen, W."]
[Result "1-0"]
[WhiteElo "2380"]
[BlackElo "2430"]
[PlyCount "65"]
[EventDate "1988.??.??"]

1. d4 Nf6 2. Nf3 c5 3. d5 d6 4. Nc3 g6 5. e4 Bg7 6. Be2 O-O 7. O-O Na6 8. Re1
Nc7 9. a4 b6 10. h3 Bb7 11. Bf4 a6 12. Bc4 Rb8 13. e5 dxe5 14. Nxe5 b5 15. axb5
axb5 16. d6 exd6 17. Nxf7 Rxf7 18. Bxf7+ Kxf7 19. Qxd6 Qxd6 20. Bxd6 Nfe8 21.
Re7+ Kf6 22. Bxc7 Kxe7 23. Bxb8 Bc6 24. Ba7 Bd4 25. Ne2 Bxb2 26. Bxc5+ Ke6 27.
Ra7 Kd5 28. Bb4 Kc4 29. c3 Be4 30. Re7 Nf6 31. Re6 Bd3 32. Nf4 Ne4 33. Rc6+ 1-0

[Event "BL 8889 Bielefeld-Porz"]
[Site "?"]
[Date "1988.??.??"]
[Round "?.5"]
[White "Fleck, J."]
[Black "Peist, J."]
[Result "1-0"]
[WhiteElo "2415"]
[BlackElo "2350"]
[PlyCount "75"]
[EventDate "1988.??.??"]

1. e4 e6 2. d4 d5 3. Nc3 Nf6 4. e5 Nfd7 5. f4 c5 6. Nf3 Nc6 7. Be3 cxd4 8. Nxd4
Bc5 9. Qd2 O-O 10. O-O-O a6 11. h4 Bxd4 12. Bxd4 b5 13. h5 b4 14. Ne2 a5 15. g4
Ba6 16. g5 Ne7 17. Ng3 Bxf1 18. Rdxf1 Qc7 19. Kb1 Ra6 20. f5 Nxf5 21. Nxf5 exf5
22. Rxf5 Nc5 23. Bxc5 Qxc5 24. Rhf1 Re6 25. Qf4 Qe7 26. b3 Rc6 27. Qd4 Qe6 28.
h6 Rfc8 29. Rxf7 Qxf7 30. Rxf7 Kxf7 31. Qxd5+ Kg6 32. Qe4+ Kxg5 33. hxg7 Rg6
34. Qg2+ Kf4 35. Qh2+ Kf5 36. Qh3+ Rg4 37. Qxh7+ Kxe5 38. Qh8 1-0

[Event "BL 8889 Bielefeld-Porz"]
[Site "?"]
[Date "1988.??.??"]
[Round "?.6"]
[White "Beilfuss, W."]
[Black "Lutz, C."]
[Result "0-1"]
[WhiteElo "2255"]
[BlackElo "2380"]
[PlyCount "80"]
[EventDate "1988.??.??"]

1. d4 d5 2. c4 c6 3. Nf3 Nf6 4. Nc3 dxc4 5. a4 Bf5 6. Ne5 e6 7. f3 Bb4 8. Nxc4
Nd5 9. Qd2 c5 10. dxc5 Qh4+ 11. g3 Qxc4 12. e4 Qxc5 13. exd5 O-O 14. Qe3 Qxd5
15. Kf2 Qa5 16. Kg2 Nd7 17. Bd3 Bxd3 18. Qxd3 Rfd8 19. Be3 Nf6 20. Qc2 Rac8 21.
Rac1 Bxc3 22. bxc3 Nd5 23. Bd2 Rc4 24. Rhd1 h6 25. Kh3 Qxa4 26. Qxa4 Rxa4 27.
c4 Nf6 28. Be3 Rxd1 29. Rxd1 Rxc4 30. Bxa7 Nd5 31. Rb1 Rb4 32. Rc1 b5 33. Rc8+
Kh7 34. Rb8 Kg6 35. Rb7 Rb3 36. Bb8 b4 37. f4 Rb2 38. Bd6 Rd2 39. Be5 Re2 40.
Bd4 Rc2 0-1

[Event "BL 8889 Bielefeld-Porz"]
[Site "?"]
[Date "1988.??.??"]
[Round "?.8"]
[White "Pohl Kuemmel, J."]
[Black "Schulz, KJ."]
[Result "1/2-1/2"]
[WhiteElo "2260"]
[BlackElo "2360"]
[PlyCount "82"]
[EventDate "1988.??.??"]

1. d4 e6 2. Nf3 c5 3. e3 Nf6 4. Bd3 b6 5. O-O Bb7 6. b3 Be7 7. Bb2 O-O 8. Nbd2
d6 9. Qe2 Nbd7 10. Rfd1 Qc7 11. Rac1 Rfe8 12. Nf1 Ne4 13. c4 Rad8 14. Qc2 Nef6
15. Ng5 h6 16. Ne4 cxd4 17. exd4 Qb8 18. Ne3 Nxe4 19. Bxe4 Bxe4 20. Qxe4 d5 21.
Qf3 Nf6 22. Rc2 Rd7 23. Rdc1 Rc8 24. g3 Rc6 25. Qe2 Rdc7 26. cxd5 Rxc2 27. Rxc2
Rxc2 28. Qxc2 Nxd5 29. Nxd5 exd5 30. Qc6 Qd8 31. Bc1 Bf6 32. Be3 h5 33. h4 g6
34. b4 Kg7 35. b5 g5 36. hxg5 Bxg5 37. f4 Bf6 38. Kf2 Kg8 39. Kf3 Kg7 40. Kf2
Kg8 41. Qb7 Kg7 1/2-1/2